00813nam a22002537a 450000500170000000800410001702000180005804000210007604100080009708200130010524500540011825000130017226000630018530000100024865000850025865000090034370000280035270000260038070000320040670000300043870000370046870000300050570000240053520240903092745.0240903b |||||||| |||| 00| 0 eng d a9789393890160 aIN-DiNCcIN-DiNC dasm a030bNIY aNiyog prastuti/ced. by Bijit Talukdar and others a25th ed. aGuwahati:bHD international educational publishers,c2024. a510p. aGuide book on State Level Recruitment Commissions Recruitment Examinations, 2024 aADRE aTalukdar, BijiteEditor aDutta, AnupameEditor aRajbongshi, HemantaeEditor aDebnath, ArabindaeEditor aChoudhury, Jayanta KumareEditor aKalita, Jadab Ch.eEditor aGogoi, UpeneEditor